000 00662nam a2200169Ia 4500
008 090201s9999 xx 000 0 und d
010 _aKPL-38110
040 _bमराठी
041 _aमराठी
082 _a18300
_b38110
100 _aमंदाकिनी अष्टीकर
245 _aनिद्रेच्या कुशीत विसावली ज्योत
_cमंदाकिनी अष्टीकर
260 _c2004
_bप्रिया प्रकाशन
300 _a234
_bमोठा
600 _aनिद्रेच्या कुशीत विसावली ज्योत
942 _cBOOK
999 _c218207
_d218207